000 00474nam a22001817a 4500
003 CEME
005 20210628202759.0
008 210125b xxu||||| |||| 00| 0 eng d
020 _a81-203-1491-3
040 _c.
082 _a621.31 NAG
100 _aNagrath , I . J
_961586
245 _aElectronics analog and digital
260 _aNEW DELHI
_bPRENTICE HALL
_c2004
300 _aVIII,737 P
650 _aELECTRONICS.ELECTRONIC ENGINEERING.
_961587
942 _cBK
_2ddc
999 _c570992
_d570992